| 000 | 00443nam a2200157 4500 | ||
|---|---|---|---|
| 001 | 144971 | ||
| 003 | ES-MaACL | ||
| 005 | 20230906201134.0 | ||
| 007 | t| | ||
| 008 | 070214q1914 xxk r ||||1| eng d | ||
| 100 | 1 |
_aSmith, Theodore Clarke. _9106926 |
|
| 245 | 1 | 4 |
_aThe wars between England and America / _cT. C. Smith. |
| 260 |
_aLondon : _bWilliams and Norgate, _c[1914?] |
||
| 300 |
_a256 p. ; _c17 x 10 cm. |
||
| 852 |
_aES-MaACL _jC-2754 |
||
| 999 |
_c144971 _d144971 |
||